Регионална библиотека "Любен Каравелов" - Русе

Как да водим преговори (Запис номер 159149)

MARC детайли
000 -Лидер
Контролно поле с фиксирана дължина nam a22 a 4500
003 - Код на организацията, давaща контролен номер
Контролно поле BLK
005 - Дата и час на последна редакция
Контролно поле 20230223141836.0
008 - Елементи от данни с фиксирана дължина
fixed length control field 180410b bul|||||r ||||||| ||bul||
010 ## - Наследен системен номер
LC control number KNG00166214000
040 ## - Източник на каталожния запис
Идентификатор на билиотеката - собственик на записа BLK
041 ## - Код за език
Код за езика на текст/звукозапис или на отделно заглавие Български
Код за езика КДБФ Български
080 ## - УДК
Текстов определител УДК Пазар. Анализ на пазара. Търсене. Предлагане. Конкуренция. Маркетингова логистика
УДК код - определител по УДК 339.13
УДК - код + определител 339.13
100 1# - Редна дума - Автор
Автор МакФорън, Дезмънд
Авторска отговорност първи автор
R(LIN) 91492
139 ## - Редно поле
Редна дума МакФорън, Дезмънд
Авторски знак Мак - М 19
245 10 - Сведения за заглавието
Заглавие Как да водим преговори
Редно поле (дума) Дезмънд МакФорън; прев. от англ. Албена Горанова; прев. от англ. Теодор Кънчев.
257 ## - Страна на издаване
Страна на създаване/издаване Съединени американски щати
260 ## - Област на издателските данни
Място на издаване, разпространение и проч. София
Име на издателя, разпространителя и проч. ИЦТТ Информа
Година на издаване 1992
300 ## - Физическа характеристика
Страници 68 с.
Илюстрации и др. с черт.
Размери/Мащаб 21 см
380 ## - Жанр
Жанр Обществени науки
490 ## - СЕРИИ (Колекции)
Име на серия Библиотека на бизнесмена
№: серия 4
9 (RLIN) 202162
500 ## - Общи забележки
Забележка Без сведение за ориг. загл. - Офс. изд. - 1500 тир.
650 #4 - Допълнително описание по предмет – тема
Основно описание – тема или топоним Маркетинг
9 (RLIN) 161163
653 ## - Ключова дума – ненормативна
Ключова дума маркетинг
653 ## - Ключова дума – ненормативна
Ключова дума преговори
700 1# - Други автори (авторска отговорност)
Лично име Горанова, Албена
Автороска отговорност (Описва отношението между автора и произведението) прев. от англ.
9 (RLIN) 309758
700 1# - Други автори (авторска отговорност)
Лично име Кънчев, Теодор
Автороска отговорност (Описва отношението между автора и произведението) прев. от англ.
9 (RLIN) 242495
852 ## - Местоположение
Форматна сигнатура Цб 168999
856 4# - Електронен адрес и достъп
Електронен формат pdf - файл
Инструкция (цена за достъп) 25.00
Права за достъп disable
856 4# - Електронен адрес и достъп
Електронен формат pdf - файл
Инструкция (цена за достъп) 25.00
Права за достъп disable
999 ## - СИСТЕМНИ КОНТРОЛНИ НОМЕРА
Koha biblionumber 159149
Koha biblioitemnumber 159149
942 ## - АРТИКУЛИ
Вид на библиотечния материал Книги
Скрит в OPAC Не
Периодичен библиозапис Да
944 ## - СЪЗДАВАНЕ И РЕДАКЦИЯ на ЗАПИСА
Създаване/Редакция Създаване
Дата на регистрацията/редакция 17.10.2014
Статус, дата на статуса 17.10.2014 - от С1,Р / 17.10.2014
Служител, извършил регистрацията/редакцията Радостина_Карадакова
944 ## - СЪЗДАВАНЕ И РЕДАКЦИЯ на ЗАПИСА
Създаване/Редакция Редакция
Дата на регистрацията/редакция 17.10.2014
Статус, дата на статуса 17.10.2014 - от С1,Р / 17.10.2014
999 ## - СИСТЕМНИ КОНТРОЛНИ НОМЕРА
Koha biblioitemnumber 159149
Наличности
Код за отписване Код за изгубен артикул Източник на класификационната схема Код за повреда Коз за рестрикции Код за отдаване Артикулен № Име на библиотеката - собственик Име на библиотеката, в която се намира в момента Статус (Текущо местоположение) Дата на вписване в системата Местоположение - отдел Цена в лева Инвентарен номер Систематично азбучна сигнатура Баркод Номер на екземпляра Цена в евро Служебна бележка Служебен тип на артикула
  Не е изгубен Universal Decimal Classification Не е повреден без рестрикции ползва се в читалня 265897 Регионална библиотека "Любен Каравелов" Русе Регионална библиотека "Любен Каравелов" Русе Хранилище 1992-01-01 Хранилище 25.00 568743 Цб 168999 120000568743 1 12.78 Дата: 01.01.1992 Книги
Изтеглен Не е изгубен Universal Decimal Classification Не е повреден без рестрикции заемане за дома 265898 Регионална библиотека "Любен Каравелов" Русе Регионална библиотека "Любен Каравелов" Русе Заемна - подръчен фонд 1992-01-01 Заемна - подръчен фонд 2.50 567964 П 339/М 19 567964 2 1.28 Дата: 01.01.1992 Дата инв: 05.02.2018 Бележки инв: П2018 Книги
Vip Innovations Ltd, Rousse, Bulgaria 2025